000
00342 a2200157 4500
001
186485
020
_a
85-305-0125-X
040
_c
Magnum
100
_a
Bandeira, Pedro
240
1
0
_a
Chapeuzinho e o lobo mau
_l
por
245
1
0
_a
Chapeuzinho e o lobo mau
300
_a
48
362
0
_a
1997
697
_a
LITERATURA INFANTO
942
_c
BK
999
_c
186485
_d
186485